00443pab a2200145 454500008004000000100001900040245012500059260000900184300001500193362001100208650001100219700001800230700001700248773003200265180718b2010 xxu||||| |||| 00| 0 eng d aJoireman, Jeff aConcern with immediate consequences magnifies the impact of compulsive buying tendencies on college students' credit car c2010 ap.155-178. aSpring aCredit aSprott, David aKees, Jeremy aJournal of Consumer Affairs